00626 2200265 4500001002100000005001500021035002000036007000300056008004100059020001500100082000800115084001400123100001800137245005100155250001100206260003400217300003500251650002000286990000900306990000900315990000900324990000900333990000900342990000900351INLIS00000000000993120220114103558 a0010-0122000132ta220114 g 0 ind  a9793235470 a668 a668 PER m0 aPermono, Ajar1 aMembuat Cairan Pemutih Pakaian /cAjar Permono aCet. 2 aJakarta :bPuspa Swara,c2004 avi + 54hlm :bilus. ;c20,5 CM 4aPemutih Pakaian a800A a162a a162a a800A a162b a162a